000 01413nam a22002417a 4500
999 _c60463
_d60463
003 Ge_BSU
005 20230724171651.0
008 230724s2019ge xxu||||| |||| 00| 0 geo d
020 _a9789941488177
041 _ageo
080 _a634.8(479.22) ხ-25
100 _aხარაძე, მაია, ავტორი.
_919508
245 _aდასავლეთ საქართველოს ავტოქთონური ვაზის ჯიშების ფენოლური ნაერთები :
_bმონოგრაფია /
_cმაია ხარაძე ; მაია ვანიძე; ალეკო კალანდია
264 _aბათუმი :
_bბათუმის შოთა რუსთაველის სახელმწიფო უნივერსიტეტი,
_c2019.
300 _a68 გვ.:
_bილ., დიაგრ., ცხრ.
_c19 სმ.
504 _aიბლიოგრაფია: გვ 61-68
653 _aდასავლეთ საქართველოს ავტოქთონური ვაზის ჯიშების ფენოლური ნაერთები
653 _aმებაღეობა
700 _a ვანიძე, მაია
_919509
700 _aკალანდია, ალეკო
_92893
773 _tნაჩუქარი
942 _2udc
_cBK